00685nam a2200217 a 450000100060000000300080000600500170001400800410003102000150007202000220008703500200010904000270012904100080015608200240016424501060018826000370029430000360033150400510036765000210041870000280043953973BD-RjUL20211209080043.0161030s2005 enka b 001 0 eng  a1860647030 a1860647022 (pbk.) a(BD-RjUL) 54095 aUKMcUKMdBD-RjULbeng aeng00a304.2222bCUL 200500aCultural geography :ba critical dictionary of key concepts /cedited by David Atkinson ... [et al.]. aNew York :bI.B. Tauris ;c2005. axviii, 222 p. :bill. ;c25 cm. aIncludes bibliographical references and index. 0aHuman geography.1 aAtkinson, David,d1969-